Giáo trình tiếp thị kinh doanh (Dùng trong các trường THCN)

שמור ב:
מידע ביבליוגרפי
מחבר ראשי: Đỗ, Hồng Nhung
פורמט: ספר
שפה:Undetermined
יצא לאור: Hà Nội Nhà xuất bản Hà Nội 2007
נושאים:
תגים: הוספת תג
אין תגיות, היה/י הראשונ/ה לתייג את הרשומה!
Thư viện lưu trữ: Trung tâm Học liệu Trường Đại học Cần Thơ
LEADER 00651nam a2200217Ia 4500
001 CTU_142680
008 210402s9999 xx 000 0 und d
020 |c 13000 
082 |a 658.8 
082 |b Nh513 
100 |a Đỗ, Hồng Nhung 
245 0 |a Giáo trình tiếp thị kinh doanh 
245 0 |b (Dùng trong các trường THCN) 
245 0 |c Đỗ Hồng Nhung 
260 |a Hà Nội 
260 |b Nhà xuất bản Hà Nội 
260 |c 2007 
650 |a Marketing,Tiếp thị 
650 |x Management,Quản lý 
904 |i Duy Bằng 
980 |a Trung tâm Học liệu Trường Đại học Cần Thơ